ՀՀ Գիտությունների ազգային ակադեմիայի հիմնարար գիտական գրադարան  =   Fundamental Scientific Library of NAS RA

Կաթողիկոսի հանդերձանքի պատկերագրությունը հայ միջնադարյան մանրանկարչության մեջ / (Record no. 531420)

MARC details
000 -LEADER
fixed length control field 02189nam a2200337 a 4500
001 - CONTROL NUMBER
control field 1978812
003 - CONTROL NUMBER IDENTIFIER
control field AM-YEHGA
005 - DATE AND TIME OF LATEST TRANSACTION
control field 20250725125318.0
008 - FIXED-LENGTH DATA ELEMENTS--GENERAL INFORMATION
fixed length control field 240917s2024 ai a||||||||||||||0|arm|d
020 ## - INTERNATIONAL STANDARD BOOK NUMBER
International Standard Book Number 9789939837529
040 ## - CATALOGING SOURCE
Original cataloging agency AM-YeHGA
041 0# - LANGUAGE CODE
Language code of text/sound track or separate title arm
044 ## - COUNTRY OF PUBLISHING/PRODUCING ENTITY CODE
MARC country code ai
090 ## - LOCALLY ASSIGNED LC-TYPE CALL NUMBER (OCLC); LOCAL CALL NUMBER (RLIN)
-- 570183
100 1# - MAIN ENTRY--PERSONAL NAME
Personal name Խաչմանյան, Սոֆի
245 10 - TITLE STATEMENT
Title Կաթողիկոսի հանդերձանքի պատկերագրությունը հայ միջնադարյան մանրանկարչության մեջ /
Statement of responsibility, etc. Ս. Խաչմանյան ; Խմբագիր՝ Ս. Հոբոսյան ; Գրախոսներ՝ Ս. Պողոսյան, Ն. արք. Ալեէմէզեան, Գ. Պողոսյան ; [Լուսանկարները՝ Հ.Բ. Խաչերյանի] ; Հայաստանի Հանրապետության գիտությունների ազգային ակադեմիա, Արվեստի ինստիտուտ.
246 15 - VARYING FORM OF TITLE
Title proper/short title The iconography of catholicos' vestments in the armenian medieval miniature painting
260 ## - PUBLICATION, DISTRIBUTION, ETC.
Place of publication, distribution, etc. Երևան :
Name of publisher, distributor, etc. «Արեգ» հրատարակչություն,
Date of publication, distribution, etc. 2024.
300 ## - PHYSICAL DESCRIPTION
Extent 318 էջ ։
Other physical details գունավոր լուսանկարներ ;
Dimensions 30 սմ.
504 ## - BIBLIOGRAPHY, ETC. NOTE
Bibliography, etc. note Գրականության ցանկ՝ էջ 301-318։
504 ## - BIBLIOGRAPHY, ETC. NOTE
Bibliography, etc. note Տողատակում՝ ծանոթագրություններ։
650 10 - SUBJECT ADDED ENTRY--TOPICAL TERM
Topical term or geographic name entry element Հայկական մանրանկարչություն
General subdivision Պատմություն
Chronological subdivision XIII-XVIIIդդ.
650 14 - SUBJECT ADDED ENTRY--TOPICAL TERM
Topical term or geographic name entry element Հոգևորականություն
General subdivision Հագուստ
650 14 - SUBJECT ADDED ENTRY--TOPICAL TERM
Topical term or geographic name entry element Հայ առաքելական եկեղեցու պատմություն
General subdivision Կաթողիկոսական հանդերձանքի ծագումնաբանությունը՝ պատմական ընթացքը
700 1# - ADDED ENTRY--PERSONAL NAME
Personal name Հոբոսյան, Սուրեն
Relator term խմբագիր
Relationship edt
700 1# - ADDED ENTRY--PERSONAL NAME
Personal name Պողոսյան, Սվետլանա
Relator term գրախոս
Relationship rev
700 1# - ADDED ENTRY--PERSONAL NAME
Personal name Ալեէմէզեան, Նարեկ
Fuller form of name արքեպիսկոպոս
Relator term գրախոս
Relationship rev
700 1# - ADDED ENTRY--PERSONAL NAME
Personal name Խաչերեան, Հրայր Բազէ,
Dates associated with a name 1961-
Relator term լուսանկարիչ
Relationship pht
710 2# - ADDED ENTRY--CORPORATE NAME
Corporate name or jurisdiction name as entry element Հայաստանի Հանրապետության գիտությունների ազգային ակադեմիա ։
Subordinate unit Արվեստի ինստիտուտ
942 ## - ADDED ENTRY ELEMENTS (KOHA)
Source of classification or shelving scheme Universal Decimal Classification
Koha item type Գրքեր / Books
Koha issues (borrowed), all copies 2
Holdings
Withdrawn status Lost status Source of classification or shelving scheme Damaged status Not for loan Collection Home library Current library Date acquired Total checkouts Full call number Barcode Date last seen Date last checked out Price effective from Koha item type Public note
    Universal Decimal Classification     General Fundamental Scientific Library Fundamental Scientific Library 25/09/2024 2 AIII/9746 FL0685942 25/07/2025 25/07/2025 25/09/2024 Գրքեր / Books 30 Days Loan
    Universal Decimal Classification     General Fundamental Scientific Library Fundamental Scientific Library 25/09/2024   AIII/9747 FL0685943 25/09/2024   25/09/2024 Գրքեր / Books 30 Days Loan


ՀՀ ԳԱԱ հիմնարար գիտական գրադարան
ՀՀ,Երևան 0019
Մարշալ Բաղրամյան 24/6
հեռախոս:(374-10) 52-47-50
Հետադարձ կապ

All site content, except where otherwise noted, is licensed under a
Creative Commons License